LEADER 00992nam a2200241 i 4500 001 000000039560 003 CaOOAMICUS 005 20230927150621.0 008 080227s1966 it u000 u ita u 013 $a10297 040 $aSeMil$bita 245 10$aVita de Uren cun la sua Brava Gent :$bdal 1920 al 1966 (in dialet del temp) 260 $a[S.l. :$bs.n.],$cstampa 1966$e(Vimercate :$fArtegrafica "Luigi Penati e figli",$gstampa 1966) 300 $a[92] p. :$bill. ;$c25 cm. 500 $aFondo card. Giovanni Colombo. 650 4$aVimercate - Oreno.$0(OLS)http://semarc/subject/54501 850 $aSeMil 852 $aSeMil$W1$xVenegono$y1$m3P II 95 °$j5715$B5715$CSeMilBibl$Z2$F5715 $81 941 1 $a3 961 $aLascito: Colombo Card. Giovanni 996 $6245$aVita de Uren cun la sua Brava Gent :$bdal 1920 al 1966 (in dialet del temp)$9(OLS)http://semarc/title/56405 996 $6260$a[S.l. :$bs.n.]$9(OLS)http://semarc/publisher/29751